Logika pro studenty humanitných oborů
Gespeichert in:
| 1. Verfasser: | |
|---|---|
| Format: | Buch |
| Sprache: | Tschechisch |
| Veröffentlicht: |
Praha
Vyšehrad
2001
|
| Ausgabe: | 2. rozšíř. vyd. |
| Schlagworte: | |
| Online-Zugang: | Im OPAC anzeigen |
| Tags: |
Keine Tags, Fügen Sie das erste Tag hinzu!
|
MARC
| LEADER | 00000nam a2200000 a 4500 | ||
|---|---|---|---|
| 005 | 20260127134215.0 | ||
| 008 | 050808s2001 xr 000 0 cze | ||
| 020 | |a 8070215097 | ||
| 035 | |a vtls008270371 | ||
| 035 | |a SVKPOKN081850 | ||
| 039 | 9 | |a 200711191442 |b mschk02 |c 200508100728 |d VLOAD |y 200508090521 |z VLOAD | |
| 040 | |a SVKPOKN |b slo |c SVKPOKN |d SVKPO |d STUSCHK1 |e AACR2 | ||
| 041 | 0 | |a cze |h cze | |
| 044 | |a xr |c CZ | ||
| 080 | |a 16(075.8) | ||
| 100 | 1 | |a Sousedík, Prokop, |d 1964- |9 671 | |
| 245 | 1 | 0 | |a Logika pro studenty humanitných oborů |c Prokop Sousedík |
| 250 | |a 2. rozšíř. vyd. | ||
| 260 | |a Praha |b Vyšehrad |c 2001 | ||
| 300 | |a 222 s. |b bg.s.221-222 | ||
| 653 | |a logika - učebnice vysokoškolské | ||
| 653 | |a Tlač |a Vysokoškolské učebnice | ||
| 655 | 7 | |a učebnice |2 svkpo | |
| 910 | |a svkponkat | ||
| 910 | |a SCHK95 | ||
| 919 | |a 80-7021-509-7 | ||
| 999 | |c 6682 |d 6682 | ||
| 942 | 0 | 0 | |0 1 |